02150cam a2200469 i 45000010009000000050017000090080041000260100017000670160018000840200018001020200015001200200018001350200015001530200018001680200030001860350024002160410008002400420014002480820016002621000017002782450031002952500008003262600035003342640042003693000040004113360028004513360026004793370028005053380027005335000028005605040067005885200515006556500020011706500020011906500020012107750164012307760035013949060045014299420007014749990017014819520182014982160534920250328111916.0200709s2021 caua b 001 0 eng d a 20209419447 a0200831632Uk a9781529704969 a1529704960 a9781529704952 a1529704952 z9781529755893 z9781529755916 (PDF ebook) a(OCoLC)on1233309089 aeng alccopycat04a300.723 THO1 aThomas, Gary10aHow to do your Case Study  a3rd aLondonbSage Publicationc2021 1aLos Angeles ;aLondon :bSAGE,c2021. a299 pages :billustrations ;c25 cm astill image2rdacontent atextbtxt2rdacontent aunmediatedbn2rdamedia avolumebnc2rdacarrier aPrevious edition: 2016. aIncludes bibliographical references (pages 284-294) and index. a"This accessible guide takes you through the process of designing, conducting and writing up a research project using case study methods. In his characteristic warm and friendly style, Gary Thomas covers each step at a confidence-building pace, helping you to get to grips with the theory and practice of doing a case study. Focusing on vital issues like validity, reliability and quality in research, the author helps you ensure your research is rigorous and methodologically sound."--Publisher's description. 0aSocial sciences 2aResearch Design 7aSocial sciences08iRevision of:aThomas, Gary, 1950-tHow to do your case study.b2nd edition.dLos Angeles ; London : SAGE, 2016z1446282651w(DLC) 2015936406w(OCoLC)92461949008iebook version :z9781529755893 a7bcbcccopycatd2encipf20gy-gencatlg cBK c43459d43459 00102ddc4070aIMTNbIMTNcRack 5-Ad2025-03-24eRaghav Books Private Limitedg4339.59i2374l0o300.723 THOp33750r2025-03-28 00:00:00t33w2025-02-14yBKzDr. Veena Pailwar